000
00261nam a2200097Ia 4500
001
977353
005
20250826220724.0
008
250824s9999 xx 000 0 und d
245
0
_a
BÖYLE ŞEYLER FİLMLERDE OLUR
_c
İSMAİL KILIÇARSLAN
260
_b
KETEBE YAYINLARI
999
_c
977353
_d
977353